[Event "Ambalangoda Dhamso op 4th"]
[Site "Ambalangoda"]
[Date "2014.04.30"]
[Round "2"]
[White "Damsara, UGST"]
[Black "Galappaththi, Chinthaka Anuruddh"]
[Result "0-1"]
[WhiteElo "1216"]
[BlackElo "2131"]
[PlyCount "50"]
[EventDate "2014.04.30"]
[EventType "swiss"]
[EventRounds "9"]
[EventCountry "SRI"]
[SourceTitle "CBM 160 Extra"]
[Source "ChessBase"]
[SourceDate "2014.07.01"]
[SourceVersion "1"]
[SourceVersionDate "2014.07.01"]
[SourceQuality "1"]

1. Nf3 d5 2. d4 Nf6 3. e3 e6 4. c4 Bd6 5. Nc3 0-0 6. Bd3 a6 7. c5 Be7 8. 0-0 b6 9. cxb6 cxb6 10. Bc2 Nc6 11. a3 Bd6 12. Qd3 Bb7 13. h3 Qc7 14. Re1 Ne7 15. Bd2 Ne4 16. Rac1 f5 17. Ne2 Nc6 18. Nf4 Qf7 19. Red1 g5 20. Ne2 g4 21. Nh2 Bxh2+ 22. Kxh2 Nxf2 23. Qc3 gxh3 24. Rg1 Ng4+ 25. Kh1 Qh5 0-1